La seule lettre (click quiz) - Statistiques

Statistiques générales
  • Ce quiz a été pris 82 fois
    80 depuis la dernière actualisation
  • Le résultat moyen est 4 sur 6
Statistiques - réponses
Hint Réponse % Correct
J Je t'aime
79%
F A la folie
77%
T Pas du tout
64%
C Beaucoup
57%
M Passionnément
50%
P Un peu
40%
Aucun quiz correspondant
Distribution des résultats
% des personnes avec chaque résultat
Percentile par nombre de réponses
Votre historique - résultats
Vous n’avez pas pris ce quiz depuis la dernière actualisation